000 00510nam a2200181Ia 4500
003 IN-BaIIA
008 211028s9999 xx 000 0 eng d
020 _a0-444-50104-5
040 _cIIA Library
080 _a047.1:535
_bPRO-39
245 0 _aProgress in optics
_bvol. 39
_cedited by E. Wolf
260 _aNew York
_bElsevier
_c1999
300 _axii, 510p.
650 _aAstrophysics
_9794
650 _aOptics
700 _aWolf, E., ed.,
_93849
942 _cBK
999 _c13225
_d13225